Normal view
MARC view
- Abdullah (NUST201463524MCES64114F)
Entry Personal Name
001 - CONTROL NUMBER
- control field: 116388
003 - CONTROL NUMBER IDENTIFIER
- control field: NUST
005 - DATE AND TIME OF LATEST TRANSACTION
- control field: 20230912165939.0
008 - FIXED-LENGTH DATA ELEMENTS
- fixed length control field: 230912|| aca||aabn | a|a d
040 ## - CATALOGING SOURCE
- Original cataloging agency: NUST
- Transcribing agency: NUST
100 ## - HEADING--PERSONAL NAME
- Personal name: Abdullah (NUST201463524MCES64114F)
670 ## - SOURCE DATA FOUND
- Source citation: Work cat.: (NUST): Abdullah (NUST201463524MCES64114F), Study of Thermal Stratification for Pressurizer Surge Line of Pressurizer Water Reactor /, 2018
